Black Dragon (Record no. 92038)

MARC details
000 -LEADER
fixed length control field 01924nam a2200241Ii 4500
008 - FIXED-LENGTH DATA ELEMENTS--GENERAL INFORMATION
fixed length control field 221202s xx 000 0 und d
100 1# - MAIN ENTRY--PERSONAL NAME
Personal name Price, Zachary F,
Relator term author
245 #0 - TITLE STATEMENT
Title Black Dragon
246 ## - VARYING FORM OF TITLE
Title proper/short title Afro Asian Performance and the Martial Arts Imagination
264 ## - PRODUCTION, PUBLICATION, DISTRIBUTION, MANUFACTURE, AND COPYRIGHT NOTICE
Name of producer, publisher, distributor, manufacturer The Ohio State University Press
Date of production, publication, distribution, manufacture, or copyright notice 2022
300 ## - PHYSICAL DESCRIPTION
Extent 1 online resource
336 ## - CONTENT TYPE
Content type term text
Content type code txt
Source rdacontent
337 ## - MEDIA TYPE
Media type term computer
Media type code c
Source rdamedia
338 ## - CARRIER TYPE
Carrier type term online resource
Carrier type code cr
Source rdacarrier
520 ## - SUMMARY, ETC.
Summary, etc. In Black Dragon, Zachary F. Price illuminates martial arts as a site of knowledge exchange between Black, Asian, and Asian American people and cultures to offer new insights into the relationships among these groups. Drawing on case studies that include Kareem Abdul-Jabbar's appearance in Bruce Lee's film Game of Death, Ron Van Clief and the Black Panther Party for Self-Defense, the Wu-Tang Clan, and Chinese American saxophonist Fred Ho, Price argues that the regular blending and borrowing between these distinct cultural heritages is healing rather than appropriative. His analyses of performance, power, and identity within this cultural fusion demonstrate how, historically, urban working-class Black men have developed community and practiced self-care through the contested adoption of Asian martial arts practice. By zeroing in on this rich but heretofore understudied vein of American cultural exchange, Price not only broadens the scholarship around sites of empowerment via such exchanges but also offers a compelling example of nonessentialist liberation for the twenty-first century.
653 ## - INDEX TERM--UNCONTROLLED
Uncontrolled term American
653 ## - INDEX TERM--UNCONTROLLED
Uncontrolled term Asian American
653 ## - INDEX TERM--UNCONTROLLED
Uncontrolled term Drama
653 ## - INDEX TERM--UNCONTROLLED
Uncontrolled term Literary Criticism
653 ## - INDEX TERM--UNCONTROLLED
Uncontrolled term Literary Criticism
856 ## - ELECTRONIC LOCATION AND ACCESS
Uniform Resource Identifier <a href="https://docs.google.com/spreadsheets/d/1yKIrdCPDAG_9c22mwoOIO2DOhtj65Wqa/edit?usp=sharing&ouid=106555315294820607512&rtpof=true&sd=true ">https://docs.google.com/spreadsheets/d/1yKIrdCPDAG_9c22mwoOIO2DOhtj65Wqa/edit?usp=sharing&ouid=106555315294820607512&rtpof=true&sd=true </a>
Link text List of Curated E-Books
942 ## - ADDED ENTRY ELEMENTS (KOHA)
Koha item type E-Book

No items available.

University of Rizal System
Email us at univlibservices@urs.edu.ph

Visit our Website www.urs.edu.ph/library